ბათუმის შოთა რუსთაველის სახელმწიფო უნივერსიტეტის ბიბლიოთეკა

რკინაბეტონის კონსტრუქციები : (ბიბ.ჩანაწერი № 38875)

000 -ლიდერი
ფიქსირებული სიგრძის საკონტროლო ველი 00945nam a2200229Ia 4500
001 - საკონტროლო ნომერი
საკონტროლო ველი 5288
003 - საკონტროლო ნომრის იდენტიფიკატორი
საკონტროლო ველი GE_BSU
005 - ბოლო ოპერაციის თარიღი და დრო
საკონტროლო ველი 20190502103835.0
008 - ფიქსირებული სიგრძის მონაცემთა ელემენტები - ზოგადი ინფორმაცია
ფიქსირებული სიგრძის საკონტროლო ველი 190426b1962 ge ||||| |||| 00| 0 geo d
040 ## - კატალოგიზაციის წყარო
Transcribing agency GE_BSU
041 ## - ენის კოდი
Language code of text/sound track or separate title geo
080 ## - უნივერსალური ათობითი კლასიფიკაციის ინდექსი
Universal Decimal Classification number 624.012.4 წ-86
100 ## - მთავარი ჩანაწერი - პიროვნების სახელი
Personal name წულეისკირი, მ.
9 (RLIN) 497
245 ## - ცნობა სათაურის შესახებ
Title რკინაბეტონის კონსტრუქციები :
Statement of responsibility, etc მ. წულეისკირი ; რედ. ა. კაკუშაძე, დ. დოლიძე.
264 ## - წარმოების, გამოცემის, დისტრიბუციის და სხვა ცნობები
გამოცემის, წარმოების, დისტრიბუციის... ადგილი თბილისი :
გამოცემის, წარმოების, დისტრიბუციის... სახელწოდება სპი,
გამოცემის, წარმოების, დისტრიბუციის... თარიღი 1962.
300 ## - ფიზიკური აღწერა
Extent 466 გვ. ;
Dimensions 22 სმ
504 ## - BIBLIOGRAPHY, ETC. NOTE
Bibliography, etc ბიბლიოგრ. : გვ. 464-465.
653 ## - INDEX TERM--UNCONTROLLED
Uncontrolled term რკინაბეტონის კონსტრუქციები
700 ## - ADDED ENTRY--PERSONAL NAME
Personal name კაკუშაძე, ა.
Relator term რედაქტორი
9 (RLIN) 621
700 ## - ADDED ENTRY--PERSONAL NAME
Personal name დოლიძე, დ.
Relator term რედაქტორი
9 (RLIN) 452
942 ## - ADDED ENTRY ELEMENTS (KOHA)
Koha item type წიგნი
Source of classification or shelving scheme
ეგზემპლარები
ჩამოწერის სტატუსი დაკარგული ეგზემპლარის სტატუსი კლასიფიკაციის წყარო ან თაროზე გაწყობის სქემა დაზიანების სტატუსი არ გაიცემა მუდმივი მდებარეობა (დაცვის ადგილი) ამჟამინდელი ადგილსამყოფელი თაროზე განთავსების ადგილი შეძენის თარიღი ღირებულება, შესყიდვის ნორმალური ფასი სრული შენახვის შიფრი შტრიხკოდი ბოლო ოპერაციის თარიღი ეგზემპლარის მიმდევრობითი ნომერი (კეტერი?) ფასის ძალაში შესვლის თარიღი ეგზემპლარის სახეობა საჯარო შენიშვნა
          ტექნოლოგიური ფაკულტეტის ბიბლიოთეკა ტექნოლოგიური ფაკულტეტის ბიბლიოთეკა წიგნსაცავი 2018-12-17 2.82 624.012.4 წ-86 11589 2018-12-17 11589 2018-12-17 წიგნი 2.82 ლ.
          ტექნოლოგიური ფაკულტეტის ბიბლიოთეკა ტექნოლოგიური ფაკულტეტის ბიბლიოთეკა წიგნსაცავი 2018-12-17 2.82 624.012.4 წ-86 11590 2018-12-17 11590 2018-12-17 წიგნი 2.82 ლ.
          ტექნოლოგიური ფაკულტეტის ბიბლიოთეკა ტექნოლოგიური ფაკულტეტის ბიბლიოთეკა წიგნსაცავი 2018-12-17 2.82 624.012.4 წ-86 11591 2018-12-17 11591 2018-12-17 წიგნი 2.82 ლ.